Les Cuques filoses de la pomera i de la prunera / per August Matons
Descripción Física:
8 p. ; 21 cm
Otros Autores:
Catalunya. Mancomunitat. Servei d'Arbres Fruiters
Materias:
Arbres fruiters -- Malalties i plagues
MARC
| LEADER | 00000nam a2200000Ia 4500 | ||
|---|---|---|---|
| 001 | 2206 | ||
| 008 | 160829s9999 xx 000 0 cat d | ||
| 080 | |a RF-1-3 | ||
| 100 | |a Matons, August |9 20130 | ||
| 245 | |a Les Cuques filoses de la pomera i de la prunera / per August Matons | ||
| 260 | |a Barcelona : |b [Mancomunitat de Catalunya], Servei d'Arbres Fruiters, [192 - ?] | ||
| 300 | |a 8 p. ; |c 21 cm | ||
| 490 | |a Publicacions divulgadores dels Serveis Tècnics d'Agricultura | ||
| 590 | |a Hi ha un duplicat a: DUP-293 | ||
| 650 | |a Arbres fruiters |x Malalties i plagues |9 33212 | ||
| 700 | |a Catalunya. Mancomunitat. Servei d'Arbres Fruiters |9 20132 | ||
| 856 | 4 | |u https://media.diba.cat/diba/fitxers/arxiu/fulletons/bib_2206_baixa.pdf |y Accés lliure | |
| 856 | 4 | |u https://media.diba.cat/diba/fitxers/arxiu/fulletons/bib_2206_baixa.pdf |y Accés lliure | |
| 901 | |a Arxiu | ||
| 942 | |n 1 |2 udc | ||
| 952 | |0 0 |1 0 |4 0 |6 RF13 |7 1 |9 45222 |a Arxiu |b Arxiu |d 2016-12-01 |l 0 |o RF-1-3 |p 2206 |r 2016-12-01 00:00:00 |w 2016-12-01 |y ARXIU | ||
| 999 | |c 48296 |d 48296 | ||
| 900 | |a bib_2206_baixa.pdf | ||